000 00899cam a2200241 i 4500
003 SA-RiAUC
005 20251203120741.0
008 251128s1967 su g 00000 ara c
040 _aSA-RiKSU
_bara
_cSA-RiAUC
_erda
043 _aa-su---
082 0 4 _a343.531097
090 _a343.531097
_bس ع و
245 0 0 _aنظام اتفاقية الجنح والأفعال الأخرى المرتكبة على متن الطائرة.
250 _aالطبعة الأولى.
264 1 _aمكة المكرمة :
_bمطبعة الحكومة،
_c[1967]
300 _a16 صفحة؛
_c24 سم.
336 _aنص
_btxt
_2rdacontent
_3كتاب
337 _aبدون وسيط
_bn
_2rdamedia
338 _aمجلد
_bnc
_2rdacarrier
650 7 _aالطيران المدني
_xقوانين وتشريعات
_zالسعودية
_2aucsh
942 _2ddc
_cBOOK
_n0
949 _aSA-JeALM
_d251128
_umohamedma123
_n1
999 _c13431
_d13431